Statistics for Страны НАТО

Click here to take the quiz!

General Stats

  • This quiz has been taken 1 859 times
  • The average score is 26 of 31

Answers on the Map

Answers color-coded by a green-red scale on the quiz's map according to % correct below.
 

Answer Stats

Страна% Correct
24США
98%
6Германия
97%
27Франция
97%
12Канада
95%
10Испания
95%
11Италия
95%
18Польша
93%
4Великобритания
92%
17Норвегия
91%
19Португалия
90%
26Финляндия
89%
13Латвия
89%
14Литва
89%
31Эстония
88%
8Дания
87%
7Греция
86%
30Чехия
86%
25Турция
86%
22Словакия
85%
2Бельгия
84%
16Нидерланды
83%
20Румыния
83%
9Исландия
81%
23Словения
80%
5Венгрия
80%
3Болгария
80%
28Хорватия
79%
1 Албания
74%
15Люксембург
69%
29Черногория
69%
21Северная Македония
44%

Score Distribution

Percentile by Number Answered

Percent of People with Each Score

Your Score History

You have not taken this quiz